[Event "Regionalliga SO 1112"]
[Site "Bayern"]
[Date "2011.10.23"]
[Round "2.7"]
[White "Hartmann, Ralf"]
[Black "Nitsche, Dirk"]
[Result "0-1"]
[WhiteElo "1808"]
[BlackElo "2177"]
[PlyCount "108"]
[EventDate "2011.10.02"]
[EventType "team-tourn"]
[EventRounds "9"]
[EventCountry "GER"]
[SourceTitle "EXT 2013"]
[Source "ChessBase"]
[SourceDate "2012.11.22"]
[SourceVersion "1"]
[SourceVersionDate "2012.11.22"]
[SourceQuality "1"]
[WhiteTeam "Ingolstadt II"]
[BlackTeam "Tegernsee"]
[WhiteTeamCountry "GER"]
[BlackTeamCountry "GER"]

1. c4 c6 2. e4 e5 3. Nf3 d6 4. d4 Nd7 5. Nc3 Ngf6 6. Be2 Be7 7. 0-0 0-0 8. h3 Qc7 9. Be3 Re8 10. b4 exd4 11. Bxd4 Bf8 12. Qb1 c5 13. Bxf6 Nxf6 14. b5 g6 15. Qc2 b6 16. Bd3 Bb7 17. Rae1 Bg7 18. Nd5 Qd8 19. Re2 Nxd5 20. exd5 Rxe2 21. Qxe2 a6 22. a4 axb5 23. axb5 h6 24. Re1 Ra1 25. Rxa1 Bxa1 26. Qa2 Bc3 27. Kf1 Kg7 28. Bc2 Qa8 29. Qxa8 Bxa8 30. Ke2 Bb7 31. Ke3 Bc8 32. Bd3 f5 33. h4 Kf6 34. g3 Bd7 35. Bc2 g5 36. hxg5+ hxg5 37. Bd3 Be8 38. Be2 Bb2 39. Bd3 Bc1+ 40. Ke2 Bh5 41. Bc2 Bg4 42. Bd3 Bh3 43. Bc2 Bg2 44. Bd3 g4 45. Ne1 Be4 46. f4 gxf3+ 47. Nxf3 Kg6 48. Bxe4 fxe4 49. Ng1 Kf5 50. Kd1 Be3 51. Ne2 Kg4 52. Nc3 Kf3 53. Na4 Bd4 54. Nxb6 e3 0-1

[Event "Regionalliga SO 0607"]
[Site "Bayern"]
[Date "2007.03.18"]
[Round "7.3"]
[White "Nitsche, Dirk"]
[Black "Knitl, Anton"]
[Result "0-1"]
[WhiteElo "2167"]
[BlackElo "2177"]
[PlyCount "94"]
[EventDate "2006.10.15"]
[EventType "team-tourn"]
[EventRounds "9"]
[EventCountry "GER"]
[SourceTitle "EXT 2008"]
[Source "ChessBase"]
[SourceDate "2007.11.25"]
[SourceVersion "1"]
[SourceVersionDate "2007.11.25"]
[SourceQuality "1"]
[WhiteTeam "Tegernsee II"]
[BlackTeam "Freising"]
[WhiteTeamCountry "GER"]
[BlackTeamCountry "GER"]

1. d4 d5 2. Nf3 Nf6 3. c4 e6 4. Bg5 dxc4 5. Qa4+ Nbd7 6. Qxc4 a6 7. Nbd2 c5 8. a4 Qa5 9. Qc3 Qxc3 10. bxc3 cxd4 11. cxd4 Bb4 12. g3 Ne4 13. Be3 Nb6 14. Kd1 Nc3+ 15. Kc2 Bd7 16. a5 Ba4+ 17. Kb2 Bxa5 18. Ne5 Nd1+ 19. Rxd1 Bxd1 20. Bg2 Bxe2 21. Bxb7 Rb8 22. Bc6+ Ke7 23. Ka3 f6 24. Nb3 fxe5 25. Nxa5 Nc4+ 26. Nxc4 Bxc4 27. dxe5 Rhc8 28. Ba4 Bd5 29. Rc1 Rxc1 30. Bxc1 Kf7 31. Bc2 Bc4 32. Bd2 h6 33. f4 Rd8 34. Bb4 g5 35. fxg5 hxg5 36. h4 gxh4 37. gxh4 Rh8 38. Be1 Rh5 39. Bg3 Rh8 40. Kb4 Rg8 41. Be1 Rg1 42. Bd2 Rg4 43. Bg5 Bd3+ 44. Kc3 Bxc2 45. Kxc2 Kg6 46. Bd8 Kh5 47. Kc3 Rxh4 0-1

[Event "Regionalliga SO 0607"]
[Site "Bayern"]
[Date "2006.12.10"]
[Round "4.3"]
[White "Nitsche, Dirk"]
[Black "Markl, Martin"]
[Result "1-0"]
[WhiteElo "2167"]
[BlackElo "2086"]
[PlyCount "73"]
[EventDate "2006.10.15"]
[EventType "team-tourn"]
[EventRounds "9"]
[EventCountry "GER"]
[SourceTitle "EXT 2008"]
[Source "ChessBase"]
[SourceDate "2007.11.25"]
[SourceVersion "1"]
[SourceVersionDate "2007.11.25"]
[SourceQuality "1"]
[WhiteTeam "Tegernsee II"]
[BlackTeam "Pang/Rosenheim II"]
[WhiteTeamCountry "GER"]
[BlackTeamCountry "GER"]

1. d4 d5 2. Nf3 Nf6 3. c4 e6 4. Bg5 Be7 5. Nc3 b6 6. e3 Bb7 7. Rc1 Nbd7 8. cxd5 exd5 9. Qb3 0-0 10. Be2 c6 11. 0-0 Re8 12. Rfd1 Ne4 13. Bxe7 Qxe7 14. a4 c5 15. Bb5 Nxf2 16. Kxf2 Qxe3+ 17. Kf1 cxd4 18. Bxd7 dxc3 19. Qxc3 Qe2+ 20. Kg1 d4 21. Qd3 Qxd3 22. Rxd3 Re2 23. b4 Be4 24. Rxd4 g5 25. Bb5 Bxf3 26. gxf3 Rb2 27. Rc7 a6 28. Bc4 b5 29. Bxf7+ Kh8 30. a5 Rf8 31. Bd5 Rd8 32. Re4 Rb1+ 33. Kg2 Rb2+ 34. Kg3 h5 35. Ree7 h4+ 36. Kg4 Rxb4+ 37. Kh5 1-0

[Event "Regionalliga SO 0607"]
[Site "Bayern"]
[Date "2006.11.19"]
[Round "3.3"]
[White "Kampert, Andreas"]
[Black "Nitsche, Dirk"]
[Result "1/2-1/2"]
[WhiteElo "2079"]
[BlackElo "2167"]
[PlyCount "48"]
[EventDate "2006.10.15"]
[EventType "team-tourn"]
[EventRounds "9"]
[EventCountry "GER"]
[SourceTitle "EXT 2008"]
[Source "ChessBase"]
[SourceDate "2007.11.25"]
[SourceVersion "1"]
[SourceVersionDate "2007.11.25"]
[SourceQuality "1"]
[WhiteTeam "Ilmmuenster"]
[BlackTeam "Tegernsee II"]
[WhiteTeamCountry "GER"]
[BlackTeamCountry "GER"]

1. e4 e5 2. Nf3 Nc6 3. Bb5 Nge7 4. c3 d6 5. d4 Bd7 6. Bc4 Na5 7. Be2 Ng6 8. h4 Be7 9. h5 Nh4 10. Nxh4 Bxh4 11. h6 g6 12. d5 b5 13. b4 Nb7 14. Na3 a6 15. Be3 Bg5 16. Qd2 Bxe3 17. Qxe3 0-0 18. g4 Qe7 19. Rc1 Rfc8 20. f3 c5 21. dxc6 Rxc6 22. 0-0 f5 23. c4 f4 24. Qd2 Qh4 1/2-1/2

[Event "Regionalliga SO 0506"]
[Site "Bayern"]
[Date "2006.04.02"]
[Round "9.3"]
[White "Nitsche, Dirk"]
[Black "Obermeier, Siegfried"]
[Result "1/2-1/2"]
[WhiteElo "2170"]
[BlackElo "2089"]
[PlyCount "60"]
[EventDate "2005.10.23"]
[EventType "team-tourn"]
[EventRounds "9"]
[EventCountry "GER"]
[SourceTitle "EXT 2007"]
[Source "ChessBase"]
[SourceDate "2006.11.23"]
[SourceVersion "1"]
[SourceVersionDate "2006.11.23"]
[SourceQuality "1"]
[WhiteTeam "Tegernsee TV II"]
[BlackTeam "Dorfen PSV"]
[WhiteTeamCountry "GER"]
[BlackTeamCountry "GER"]

1. c4 Nf6 2. Nc3 c5 3. g3 Nc6 4. Bg2 g6 5. e3 Bg7 6. Nge2 0-0 7. 0-0 d6 8. d4 Bd7 9. b3 Qc8 10. d5 Na5 11. Bb2 a6 12. Qd2 b5 13. Nd1 Qc7 14. Bc3 Nb7 15. e4 b4 16. Bb2 a5 17. a4 bxa3 18. Rxa3 a4 19. bxa4 Rxa4 20. Rxa4 Bxa4 21. Bc3 Bd7 22. Ne3 Rb8 23. Ra1 Nd8 24. h3 Ne8 25. Qa2 Bxc3 26. Nxc3 f6 27. Bf1 Nf7 28. f4 Qc8 29. Kh2 Nc7 30. Rb1 Rxb1 1/2-1/2

[Event "Regionalliga SO 0102"]
[Site "Bayern"]
[Date "2001.11.25"]
[Round "3.4"]
[White "Nitsche, Dirk"]
[Black "Nagy, Laszlo"]
[Result "1/2-1/2"]
[WhiteElo "2235"]
[BlackElo "2095"]
[PlyCount "137"]
[EventDate "2001.10.07"]
[EventType "team"]
[EventRounds "9"]
[EventCountry "GER"]
[SourceTitle "EXT 2003"]
[Source "ChessBase"]
[SourceDate "2002.11.25"]
[SourceVersion "1"]
[SourceVersionDate "2002.11.25"]
[SourceQuality "1"]
[WhiteTeam "Tegernsee II"]
[BlackTeam "Vogtareuth"]
[WhiteTeamCountry "GER"]
[BlackTeamCountry "GER"]

1. d4 Nf6 2. Nf3 d5 3. c4 e6 4. Bg5 Be7 5. Nc3 0-0 6. e3 h6 7. Bh4 Nbd7 8. Qc2 b6 9. cxd5 exd5 10. Bd3 c5 11. 0-0 cxd4 12. Nxd4 Bb7 13. Nf5 Nc5 14. Rfd1 Rc8 15. Rac1 Nxd3 16. Qxd3 Rc7 17. Nxe7+ Qxe7 18. Bxf6 gxf6 19. Nxd5 Bxd5 20. Rxc7 Qxc7 21. Qxd5 Rc8 22. g3 Qc2 23. Qd7 h5 24. h4 Kg7 25. Qd2 Qc4 26. b3 Qa6 27. a4 Rc5 28. Rc1 Rxc1+ 29. Qxc1 Qd3 30. Qc4 Qd1+ 31. Kg2 Kg6 32. e4 Qe1 33. Qd5 Qe2 34. Qf5+ Kg7 35. Qf3 Qc2 36. Qe3 Qb2 37. Qd3 Qa1 38. Qd5 Qe1 39. Qf5 Qe2 40. Qf4 Qb2 41. Qf3 Qc2 42. Qe3 Qb2 43. Qd3 Qa1 44. Qc4 Qd1 45. Qd5 Qe1 46. Qd4 Qa5 47. Kf1 Qa6+ 48. Ke1 Qc8 49. Kd2 Qg4 50. b4 Qe6 51. b5 Qa2+ 52. Ke3 Qa3+ 53. Ke2 Qa2+ 54. Kf3 Qb3+ 55. Kg2 Qe6 56. Qd5 Qg4 57. f3 Qc8 58. Qxh5 Qc2+ 59. Kh3 Qxa4 60. Qg4+ Kh8 61. Qf5 Qa1 62. Kg4 Kg7 63. Qd7 a5 64. bxa6 Qxa6 65. h5 Qc4 66. Qd6 b5 67. h6+ Kxh6 68. Qxf6+ Kh7 69. Qh4+ 1/2-1/2

[Event "Regionalliga SO 0001"]
[Site "Bayern"]
[Date "2001.04.01"]
[Round "8"]
[White "Stroeher, Wolfgang"]
[Black "Nitsche, Dirk"]
[Result "0-1"]
[WhiteElo "2025"]
[BlackElo "2177"]
[PlyCount "56"]
[EventDate "2000.10.15"]
[EventType "team-tourn"]
[EventRounds "9"]
[EventCountry "GER"]
[SourceTitle "EXT 2020"]
[Source "ChessBase"]
[SourceDate "2019.10.17"]
[SourceVersion "1"]
[SourceVersionDate "2019.10.17"]
[SourceQuality "1"]
[WhiteTeam "Straubing SC"]
[BlackTeam "Tegernsee TV II"]
[WhiteTeamCountry "GER"]
[BlackTeamCountry "GER"]

1. d4 d5 2. Nc3 Nf6 3. Bg5 Nbd7 4. f3 c5 5. Bxf6 Nxf6 6. dxc5 d4 7. Ne4 Nxe4 8. fxe4 e5 9. Nf3 Bxc5 10. Qd2 0-0 11. 0-0-0 Qc7 12. e3 dxe3 13. Qc3 Bg4 14. h3 Bxf3 15. gxf3 Qe7 16. Bc4 Rac8 17. Qd3 a6 18. Qd7 Rc7 19. Qxe7 Bxe7 20. Be2 Rfc8 21. c3 Bg5 22. Rd5 Bf4 23. Rhd1 g6 24. Rd8+ Rxd8 25. Rxd8+ Kg7 26. Kc2 Kh6 27. b3 Kg5 28. Bc4 Rxc4 0-1

[Event "Bayern-chI Bank Hofmann 4th"]
[Site "Bad Wiessee"]
[Date "2000.11.03"]
[Round "7"]
[White "Mellem, Nicolas Axel"]
[Black "Nitsche, Dirk"]
[Result "1/2-1/2"]
[WhiteElo "2130"]
[BlackElo "2274"]
[PlyCount "32"]
[EventDate "2000.10.28"]
[EventType "swiss"]
[EventRounds "9"]
[EventCountry "GER"]
[SourceTitle "EXT 2003"]
[Source "ChessBase"]
[SourceDate "2002.11.25"]
[SourceVersion "1"]
[SourceVersionDate "2002.11.25"]
[SourceQuality "1"]

1. e4 e5 2. d4 exd4 3. Nf3 Nc6 4. Bc4 Bc5 5. c3 d3 6. Qxd3 d6 7. Bg5 Nf6 8. 0-0 h6 9. Bf4 Qe7 10. Bb5 Bd7 11. Nbd2 0-0 12. Rae1 Ne5 13. Nxe5 dxe5 14. Bxd7 Nxd7 15. Be3 Rad8 16. Nb3 Bxe3 1/2-1/2

[Event "Bayern-chI Bank Hofmann 4th"]
[Site "Bad Wiessee"]
[Date "2000.11.02"]
[Round "6"]
[White "Nitsche, Dirk"]
[Black "Opalic, Momcilo"]
[Result "1/2-1/2"]
[WhiteElo "2274"]
[BlackElo "2123"]
[PlyCount "82"]
[EventDate "2000.10.28"]
[EventType "swiss"]
[EventRounds "9"]
[EventCountry "GER"]
[SourceTitle "EXT 2003"]
[Source "ChessBase"]
[SourceDate "2002.11.25"]
[SourceVersion "1"]
[SourceVersionDate "2002.11.25"]
[SourceQuality "1"]

1. d4 d5 2. Nf3 Nf6 3. c4 e6 4. Bg5 Be7 5. Nc3 c6 6. e3 Nbd7 7. Qc2 0-0 8. Rd1 Re8 9. a3 b6 10. Be2 dxc4 11. Bxc4 Nd5 12. Bxe7 Qxe7 13. 0-0 Nxc3 14. Qxc3 Bb7 15. e4 Rad8 16. Rfe1 Nf6 17. Bd3 c5 18. dxc5 Bxe4 19. Bb5 Rxd1 20. Rxd1 Rc8 21. c6 Nd5 22. Qd4 Bxf3 23. gxf3 a6 24. Bxa6 Rxc6 25. Qe5 Rc7 26. Bc4 Rxc4 27. Rxd5 Rc1+ 28. Kg2 h6 29. Qd6 Qxd6 30. Rxd6 b5 31. Rb6 Rc5 32. Rb7 g6 33. f4 Kf8 34. Kf3 Ke8 35. Ke4 Rf5 36. b4 Kd8 37. f3 Kc8 38. Ra7 Kb8 39. Re7 Kc8 40. h3 Kd8 41. Ra7 Kc8 1/2-1/2

[Event "Bayern-chI Bank Hofmann 4th"]
[Site "Bad Wiessee"]
[Date "2000.11.01"]
[Round "5"]
[White "Lederle, Vitus"]
[Black "Nitsche, Dirk"]
[Result "1/2-1/2"]
[WhiteElo "2137"]
[BlackElo "2274"]
[PlyCount "85"]
[EventDate "2000.10.28"]
[EventType "swiss"]
[EventRounds "9"]
[EventCountry "GER"]
[SourceTitle "EXT 2003"]
[Source "ChessBase"]
[SourceDate "2002.11.25"]
[SourceVersion "1"]
[SourceVersionDate "2002.11.25"]
[SourceQuality "1"]

1. e4 e5 2. Nf3 Nc6 3. d4 exd4 4. Nxd4 Bc5 5. Be3 Qf6 6. c3 Nge7 7. g3 d5 8. Bg2 dxe4 9. Nd2 Bxd4 10. cxd4 Bf5 11. Nxe4 Bxe4 12. Bxe4 Qe6 13. Bg2 0-0-0 14. 0-0 Nd5 15. Re1 Qd6 16. Qg4+ Kb8 17. Qxg7 f5 18. Bd2 h5 19. Bc3 h4 20. Qf7 hxg3 21. hxg3 Rhf8 22. Qe6 a6 23. Qxd6 Rxd6 24. f4 b5 25. a3 Ka7 26. Rac1 Kb6 27. Bxd5 Rxd5 28. Re6 Rd6 29. d5 Rxe6 30. dxe6 a5 31. Re1 b4 32. axb4 axb4 33. Bg7 Re8 34. g4 Ne7 35. gxf5 Nxf5 36. Bf6 Kc6 37. Re5 Nd4 38. Re4 Nxe6 39. Rxb4 Rf8 40. Be5 Kc5 41. Ra4 Kd5 42. Rb4 c5 43. Ra4 1/2-1/2

[Event "Bayern-chI Bank Hofmann 4th"]
[Site "Bad Wiessee"]
[Date "2000.10.30"]
[Round "3"]
[White "Biberger, Hans"]
[Black "Nitsche, Dirk"]
[Result "0-1"]
[WhiteElo "2130"]
[BlackElo "2274"]
[PlyCount "120"]
[EventDate "2000.10.28"]
[EventType "swiss"]
[EventRounds "9"]
[EventCountry "GER"]
[SourceTitle "EXT 2003"]
[Source "ChessBase"]
[SourceDate "2002.11.25"]
[SourceVersion "1"]
[SourceVersionDate "2002.11.25"]
[SourceQuality "1"]

1. d4 d5 2. c4 c6 3. Nc3 Nf6 4. cxd5 cxd5 5. Bg5 e6 6. Bxf6 Qxf6 7. Nf3 Nc6 8. e3 g6 9. Rc1 Bg7 10. Bd3 0-0 11. h4 e5 12. dxe5 Nxe5 13. Be2 Be6 14. Nd4 h5 15. Ncb5 a6 16. Nc7 Rac8 17. Ncxe6 fxe6 18. f4 Nc6 19. Nxc6 Rxc6 20. Rxc6 bxc6 21. b3 e5 22. g3 Qe6 23. Kf2 Re8 24. Bd3 c5 25. Kg2 e4 26. Be2 Qd6 27. Rf1 Rf8 28. Qd2 d4 29. Bc4+ Kh7 30. Qd1 Qd7 31. a4 a5 32. Qd2 Qd8 33. Rd1 d3 34. Kh2 Bf6 35. Qg2 Re8 36. g4 Bc3 37. Kh3 Qd7 38. Kh2 Qxg4 39. Qxg4 hxg4 40. Kg3 Kg7 41. Kxg4 Kf6 42. Bb5 Rb8 43. h5 gxh5+ 44. Kxh5 Rh8+ 45. Kg4 Rh2 46. Bc6 Rg2+ 47. Kh4 Kf5 48. Bd7+ Kf6 49. Bc6 Re2 50. Bxe4 d2 51. Bc2 Rxe3 52. Kg4 Bb4 53. f5 Ke5 54. Rh1 Re1 55. Rh6 Rg1+ 56. Kf3 d1Q+ 57. Bxd1 Rxd1 58. Ke2 Rd2+ 59. Ke3 Kxf5 60. Rb6 Rb2 0-1

[Event "Regionalliga SO 0001"]
[Site "Bayern"]
[Date "2000.10.15"]
[Round "1.3"]
[White "Nitsche, Dirk"]
[Black "Lochte, Thomas"]
[Result "1/2-1/2"]
[WhiteElo "2177"]
[BlackElo "2085"]
[PlyCount "85"]
[EventDate "2000.10.15"]
[EventType "team-tourn"]
[EventRounds "9"]
[EventCountry "GER"]
[SourceTitle "EXT 2020"]
[Source "ChessBase"]
[SourceDate "2019.10.17"]
[SourceVersion "1"]
[SourceVersionDate "2019.10.17"]
[SourceQuality "1"]
[WhiteTeam "Tegernsee TV II"]
[BlackTeam "Starnberg SC"]
[WhiteTeamCountry "GER"]
[BlackTeamCountry "GER"]

1. d4 c5 2. d5 Nf6 3. c4 b5 4. Nf3 Bb7 5. a4 bxc4 6. Nc3 Qa5 7. Bd2 Na6 8. e4 Nb4 9. Ne5 d6 10. Nxc4 Qd8 11. Be2 e6 12. Ne3 exd5 13. exd5 a6 14. Bc4 g6 15. 0-0 Bg7 16. f4 0-0 17. Qf3 Nd7 18. Rad1 Rb8 19. b3 Re8 20. Rfe1 Bd4 21. Kh1 f5 22. Ne2 Bg7 23. Bxb4 cxb4 24. Nc2 Qb6 25. Rf1 Re4 26. Ng3 Re7 27. Rfe1 Rbe8 28. Rxe7 Rxe7 29. h3 Nf6 30. Re1 Rxe1+ 31. Nxe1 Qd4 32. Nc2 Qd2 33. Ne3 a5 34. Kh2 h5 35. Ngf1 Qd4 36. h4 Ng4+ 37. Kh1 Bf6 38. g3 Qb2 39. Qg2 Qc1 40. Qe2 Nxe3 41. Qxe3 Qxe3 42. Nxe3 Bd4 43. Nc2 1/2-1/2

[Event "Bayern-chI Bank Hofmann 3rd"]
[Site "Bad Wiessee"]
[Date "1999.10.29"]
[Round "7"]
[White "Nitsche, Dirk"]
[Black "Rozentalis, Eduardas"]
[Result "0-1"]
[WhiteElo "2248"]
[BlackElo "2586"]
[PlyCount "80"]
[EventDate "1999.10.23"]
[EventType "swiss"]
[EventRounds "9"]
[EventCountry "GER"]
[SourceTitle "EXT 2001"]
[Source "ChessBase"]
[SourceDate "2000.11.22"]
[SourceVersion "1"]
[SourceVersionDate "2000.11.22"]
[SourceQuality "1"]

1. d4 Nf6 2. Nf3 e6 3. c4 Bb4+ 4. Nbd2 b6 5. a3 Bxd2+ 6. Bxd2 Bb7 7. Bg5 h6 8. Bh4 d6 9. e3 Nbd7 10. Be2 0-0 11. 0-0 g5 12. Bg3 Ne4 13. Nd2 Nxd2 14. Qxd2 f5 15. f3 Qf6 16. b4 Rae8 17. Rac1 e5 18. c5 f4 19. exf4 exf4 20. Bf2 Bd5 21. c6 Nb8 22. b5 g4 23. Rc3 g3 24. hxg3 fxg3 25. Bxg3 Qg7 26. f4 Rf5 27. a4 Re4 28. Bf3 Rxd4 29. Rd3 Rxd3 30. Qxd3 Be6 31. Be4 Rc5 32. Rf3 Rc1+ 33. Be1 Rxe1+ 34. Kf2 Qa1 35. f5 Bf7 36. f6 Rd1 37. Qe2 Qd4+ 38. Kg3 Rd2 39. Qe1 Qe5+ 40. Kh3 Qh5+ 0-1

[Event "Bayern-chI Bank Hofmann 3rd"]
[Site "Bad Wiessee"]
[Date "1999.10.25"]
[Round "3"]
[White "Nitsche, Dirk"]
[Black "Golubev, Mikhail"]
[Result "1/2-1/2"]
[WhiteElo "2248"]
[BlackElo "2532"]
[PlyCount "51"]
[EventDate "1999.10.23"]
[EventType "swiss"]
[EventRounds "9"]
[EventCountry "GER"]
[SourceTitle "EXT 2001"]
[Source "ChessBase"]
[SourceDate "2000.11.22"]
[SourceVersion "1"]
[SourceVersionDate "2000.11.22"]
[SourceQuality "1"]

1. d4 Nf6 2. Nf3 d6 3. c4 g6 4. Nc3 Bg7 5. e3 0-0 6. Be2 Nbd7 7. Qc2 e5 8. 0-0 Re8 9. b3 exd4 10. Nxd4 Nc5 11. Bb2 a5 12. h3 c6 13. Bf3 Qb6 14. Rad1 h5 15. Rfe1 a4 16. Nce2 Bd7 17. Nc1 h4 18. Be2 Nfe4 19. Nf3 axb3 20. axb3 Nxf2 21. Kxf2 Ne4+ 22. Kg1 Qxe3+ 23. Kh2 Qf4+ 24. Kg1 Qe3+ 25. Kh2 Qf4+ 26. Kg1 1/2-1/2

[Event "Oberliga Bayern 9798"]
[Site "Bayern"]
[Date "1997.??.??"]
[Round "?.7"]
[White "Herb, Stefan"]
[Black "Nitsche, Dirk"]
[Result "0-1"]
[WhiteElo "2095"]
[BlackElo "2177"]
[PlyCount "76"]
[EventDate "1997.10.??"]
[EventType "team-tourn"]
[EventRounds "9"]
[EventCountry "GER"]
[SourceTitle "EXT 2020"]
[Source "ChessBase"]
[SourceDate "2019.10.17"]
[SourceVersion "1"]
[SourceVersionDate "2019.10.17"]
[SourceQuality "1"]
[WhiteTeam "Haunstetten TSV"]
[BlackTeam "Tegernsee TV"]
[WhiteTeamCountry "GER"]
[BlackTeamCountry "GER"]

1. e4 e5 2. Nf3 Nc6 3. Bb5 Nge7 4. Nc3 d6 5. d4 Bd7 6. dxe5 dxe5 7. 0-0 Ng6 8. Be3 Bd6 9. Nd5 a6 10. Be2 Nce7 11. c4 Nxd5 12. cxd5 0-0 13. Qb3 Qe7 14. Rfd1 h6 15. Rac1 Kh8 16. Nd2 f5 17. exf5 Bxf5 18. Nc4 Bd7 19. Nxd6 cxd6 20. Rc7 b5 21. Bg4 Bxg4 22. Rxe7 Bxd1 23. Qxd1 Nxe7 24. g4 Rac8 25. b3 Rc7 26. Qd3 Ng8 27. h4 Nf6 28. Qf5 Rcf7 29. Qe6 Ne4 30. Qg6 Nxf2 31. Qxd6 Nxg4 32. Bc5 Rf4 33. Qe6 R8f6 34. Qc8+ Kh7 35. h5 R6f5 36. Be7 Nf6 37. Qc2 Rg4+ 38. Kh2 e4 0-1

[Event "Oberliga Bayern 9798"]
[Site "Bayern"]
[Date "1997.??.??"]
[Round "?.6"]
[White "Nitsche, Dirk"]
[Black "Deglmann, Ludwig"]
[Result "1-0"]
[WhiteElo "2177"]
[BlackElo "2190"]
[PlyCount "107"]
[EventDate "1997.10.??"]
[EventType "team-tourn"]
[EventRounds "9"]
[EventCountry "GER"]
[SourceTitle "EXT 2020"]
[Source "ChessBase"]
[SourceDate "2019.10.17"]
[SourceVersion "1"]
[SourceVersionDate "2019.10.17"]
[SourceQuality "1"]
[WhiteTeam "Tegernsee TV"]
[BlackTeam "Pasing"]
[WhiteTeamCountry "GER"]
[BlackTeamCountry "GER"]

1. d4 d6 2. c4 Nf6 3. Nf3 Nbd7 4. Nc3 e5 5. e4 Be7 6. Be2 c6 7. 0-0 Qc7 8. Rb1 a5 9. Qc2 Nf8 10. h3 Ng6 11. Rd1 h5 12. Be3 h4 13. a3 Nh5 14. dxe5 dxe5 15. Na4 Be6 16. Bf1 Ngf4 17. Bb6 Qc8 18. Nxe5 0-0 19. Nc5 Bxc5 20. Bxc5 Re8 21. Qc3 f5 22. exf5 Bxf5 23. Rbc1 Qe6 24. Re1 Qh6 25. Bb6 Nf6 26. f3 Qg5 27. Ng4 Bxg4 28. hxg4 c5 29. Bc7 Ne6 30. Be5 Nd7 31. Bd3 Nf4 32. Bxf4 Qxf4 33. Bg6 Rxe1+ 34. Rxe1 h3 35. Re7 Nf6 36. Qe3 Qg3 37. Qe2 Rd8 38. Bf7+ Kh8 39. Bd5 b5 40. b3 bxc4 41. bxc4 Rb8 42. Bb7 Ng8 43. Rd7 Re8 44. Be4 Nf6 45. Rd3 Rb8 46. Rd2 hxg2 47. Bg6 Qf4 48. Kxg2 Qg5 49. Qd3 Rf8 50. Qd6 Kg8 51. Bf5 Re8 52. Rf2 Re1 53. Be6+ Kh7 54. Qh2+ 1-0

[Event "Berliner Sommer 15th"]
[Site "Berlin"]
[Date "1997.??.??"]
[Round "2"]
[White "Nitsche, Dirk"]
[Black "Mikhalevski, Victor"]
[Result "0-1"]
[WhiteElo "2265"]
[BlackElo "2535"]
[PlyCount "67"]
[EventDate "1997.08.??"]
[EventType "swiss"]
[EventRounds "9"]
[EventCountry "GER"]
[SourceTitle "CBM 059 Extra"]
[Source "ChessBase"]
[SourceDate "1997.09.26"]
[SourceVersion "1"]
[SourceVersionDate "1997.09.26"]
[SourceQuality "1"]

1. d4 Nf6 2. Nf3 g6 3. c4 Bg7 4. Nc3 d5 5. cxd5 Nxd5 6. e4 Nxc3 7. bxc3 c5 8. Rb1 0-0 9. Qd2 Bg4 10. Be2 cxd4 11. cxd4 Nc6 12. d5 Bxf3 13. Bxf3 Nd4 14. Bd1 b5 15. Rb4 e5 16. 0-0 Rc8 17. Rb1 Rc4 18. Ba3 Re8 19. Bb3 Nxb3 20. Rxb3 Rxe4 21. Rxb5 Rd4 22. Qa5 Qd7 23. d6 Bf8 24. Bb2 Rxd6 25. Rxe5 Rc8 26. Ree1 Rd5 27. Qa6 Bg7 28. Bxg7 Kxg7 29. g3 Rh5 30. h4 Rxh4 31. gxh4 Qg4+ 32. Kh2 Qxh4+ 33. Kg2 Qg4+ 34. Kh2 0-1

[Event "Oberliga Bayern 9697"]
[Site "Bayern"]
[Date "1997.??.??"]
[Round "?"]
[White "Nitsche, Dirk"]
[Black "Wimmer, Herbert"]
[Result "1/2-1/2"]
[WhiteElo "2295"]
[BlackElo "2260"]
[PlyCount "90"]
[EventDate "1996.10.13"]
[EventType "team-tourn"]
[EventRounds "9"]
[EventCountry "GER"]
[SourceTitle "EXT 2020"]
[Source "ChessBase"]
[SourceDate "2019.10.17"]
[SourceVersion "1"]
[SourceVersionDate "2019.10.17"]
[SourceQuality "1"]
[WhiteTeam "Tegernsee TV"]
[BlackTeam "Pang/Rosenheim"]
[WhiteTeamCountry "GER"]
[BlackTeamCountry "GER"]

1. d4 d5 2. Nf3 c6 3. c4 e6 4. e3 Nf6 5. Nc3 Be7 6. Bd3 Nbd7 7. 0-0 dxc4 8. Bxc4 0-0 9. Qe2 Qc7 10. e4 b5 11. Bb3 b4 12. Na4 a5 13. Bg5 Ba6 14. Bc4 Bxc4 15. Qxc4 Nb6 16. Nxb6 Qxb6 17. Rac1 h6 18. Bxf6 Bxf6 19. e5 Bg5 20. Qxc6 Qxc6 21. Rxc6 Rfc8 22. Rc5 Rxc5 23. dxc5 Rc8 24. Nxg5 hxg5 25. Rc1 Kf8 26. Kf1 Ke7 27. Ke2 Kd7 28. Kf3 Kc6 29. Kg4 Rd8 30. Rc2 Rd5 31. Kxg5 Rxc5 32. Re2 a4 33. Kf4 Kb5 34. Ke4 Rd5 35. f4 b3 36. axb3 axb3 37. Re3 Kb4 38. Rd3 Rc5 39. Rd4+ Kb5 40. Rd2 Kb4 41. g4 Rc2 42. Ke3 Rc1 43. f5 Re1+ 44. Re2 Rg1 45. fxe6 fxe6 1/2-1/2

[Event "Landesliga Sued 9596"]
[Site "Bayern"]
[Date "1996.01.28"]
[Round "5"]
[White "Magg, Christian"]
[Black "Nitsche, Dirk"]
[Result "1/2-1/2"]
[WhiteElo "2145"]
[BlackElo "2177"]
[PlyCount "75"]
[EventDate "1995.10.15"]
[EventType "team-tourn"]
[EventRounds "9"]
[EventCountry "GER"]
[SourceTitle "EXT 2020"]
[Source "ChessBase"]
[SourceDate "2019.10.17"]
[SourceVersion "1"]
[SourceVersionDate "2019.10.17"]
[SourceQuality "1"]
[WhiteTeam "Krumbach"]
[BlackTeam "Tegernsee TV"]
[WhiteTeamCountry "GER"]
[BlackTeamCountry "GER"]

1. e4 e5 2. Nf3 Nc6 3. Bc4 d6 4. Nc3 Be7 5. h3 Nf6 6. d3 0-0 7. Bd2 Na5 8. Bb3 Nxb3 9. axb3 c5 10. Qe2 Bd7 11. g4 Bc6 12. Rg1 Ne8 13. Nd1 Nc7 14. Ne3 f6 15. c4 Ne6 16. Nd5 b5 17. Kf1 Qd7 18. Kg2 Rfb8 19. Ra2 a5 20. Kh2 Bd8 21. Be3 Ra7 22. Nh4 bxc4 23. bxc4 Rab7 24. Nf5 a4 25. f4 Bxd5 26. exd5 Nxf4 27. Bxf4 exf4 28. Qe6+ Qxe6 29. dxe6 Be7 30. Rxa4 g6 31. Nh6+ Kg7 32. Nf7 Rxb2+ 33. Rg2 f3 34. Rxb2 Rxb2+ 35. Kg3 Re2 36. Ra7 Rxe6 37. Nxd6 Rxd6 38. Rxe7+ 1/2-1/2